000 00832cab a2200229 4500
001 ABS47736
008 090401t1992 xxu||||| |||| 00| 0 eng d
035 _a(Sirsi) u63292
041 _aeng
100 _aGoddard, C.
245 _aSustainable development
260 _c1992
350 _a0
490 _aEstates Gazette
_v(9247) 28 November 1992, 74-75(2)
520 _aExamines two key issues raised by the Government`s initiative towards sustainable development. Firstly, how can the effective promotion of the concept by the DoE be acheived during public-sector spending constraints? Secondly, how quickly will all relevant parties respond?
650 _aPLANNING POLICY
650 _aSUSTAINABLE DEVELOPMENT
690 _aPLANNING LAW AND PRACTICE
700 _aSherlock, R.
942 _n0
948 _c04/03/1997
999 _c39357
_d39357